| Tag |
First Indicator |
Second Indicator |
Subfields |
| LEADER |
00000cam a22000004a 4500 |
| 001 |
in00002529521 |
| 005 |
20151113122211.0 |
| 008 |
090512s2009 nyu b 001 0 eng |
| 010 |
|
|
|a 2009019753
|
| 015 |
|
|
|a GBA994897
|2 bnb
|
| 016 |
7 |
|
|a 015380988
|2 Uk
|
| 020 |
|
|
|a 9780814717004 (cloth : alk. paper)
|
| 020 |
|
|
|a 0814717004 (cloth : alk. paper)
|
| 020 |
|
|
|a 9780814717011 (pbk. : alk. paper)
|
| 020 |
|
|
|a 0814717012 (pbk. : alk. paper)
|
| 035 |
|
|
|a (OCoLC)ocn326418539
|
| 035 |
|
|
|a (OCoLC)326418539
|
| 040 |
|
|
|a DLC
|c DLC
|d BTCTA
|d YDXCP
|d UKM
|d C#P
|d UtOrBLW
|
| 043 |
|
|
|a n-us---
|
| 049 |
|
|
|a TXAM
|
| 050 |
0 |
0 |
|a E184.A75
|b C494 2009
|
| 082 |
0 |
0 |
|a 371.829/95073
|2 22
|
| 100 |
1 |
|
|a Chiang, Mark.
|
| 245 |
1 |
4 |
|a The cultural capital of Asian American studies :
|b autonomy and representation in the university /
|c Mark Chiang.
|
| 264 |
|
1 |
|a New York :
|b New York University Press,
|c [2009]
|
| 264 |
|
4 |
|c ©2009
|
| 300 |
|
|
|a viii, 251 pages ;
|c 23 cm.
|
| 336 |
|
|
|a text
|b txt
|2 rdacontent
|
| 337 |
|
|
|a unmediated
|b n
|2 rdamedia
|
| 338 |
|
|
|a volume
|b nc
|2 rdacarrier
|
| 504 |
|
|
|a Includes bibliographical references and index.
|
| 505 |
0 |
|
|a Introduction: Institutionalization and the crisis of representation -- From cultural politics to cultural capital -- Contradictions in the emergence of ethnic studies -- Disciplinarity and the political identity of Asian American studies -- The political economy of minority literature -- Asian American cultural capital and the crisis of legitimation.
|
| 650 |
|
0 |
|a Asian Americans
|x Study and teaching (Higher)
|
| 650 |
|
0 |
|a Education, Higher
|x Political aspects
|z United States.
|
| 650 |
|
0 |
|a Asian Americans
|x Ethnic identity.
|
| 650 |
|
0 |
|a Ethnicity
|x Political aspects
|z United States.
|
| 650 |
|
0 |
|a Autonomy.
|
| 650 |
|
0 |
|a Asian Americans
|x Politics and government.
|
| 650 |
|
0 |
|a Ethnology
|x Study and teaching (Higher)
|z United States
|v Case studies.
|
| 650 |
|
0 |
|a Minorities
|x Study and teaching (Higher)
|z United States
|v Case studies.
|
| 938 |
|
|
|a YBP Library Services
|b YANK
|n 3049576
|
| 938 |
|
|
|a Baker and Taylor
|b BTCP
|n BK0008569748
|
| 945 |
|
|
|a PromptCat
|b 847573
|
| 946 |
|
|
|a stk
|
| 947 |
|
|
|a A14839997037
|
| 994 |
|
|
|a 92
|b TXA
|
| 948 |
|
|
|a cataloged
|b h
|d 2009/12/4
|h c
|e asalazar
|f 11:43:14 am
|
| 999 |
|
|
|a MARS
|
| 999 |
f |
f |
|s 6477a75a-b6de-33b3-b7d7-f67452c6f51a
|i e1db46c0-135d-3a72-ac47-00e5f862d2cf
|t 0
|
| 952 |
f |
f |
|p normal
|a Texas A&M University
|b College Station
|c Sterling C. Evans Library
|s Evans stk
|d Evans: Library Stacks
|t 0
|e E184.A75 C494 2009
|h Library of Congress classification
|i unmediated -- volume
|m A14839997037
|
| 998 |
f |
f |
|a E184.A75 C494 2009
|t 0
|l Evans: Library Stacks
|